[Event "GER-ch U12 Girls"]
[Site "Willingen"]
[Date "2021.08.26"]
[Round "6"]
[White "Hesse, Sariana"]
[Black "Niederdorfer, Mathilda"]
[Result "0-1"]
[WhiteElo "997"]
[BlackElo "1264"]
[PlyCount "42"]
[EventDate "2021.08.22"]
[EventType "swiss"]
[EventRounds "9"]
[EventCountry "GER"]
[SourceTitle "EXT 2022"]
[Source "ChessBase"]
[SourceDate "2021.10.06"]
[SourceVersion "1"]
[SourceVersionDate "2021.10.06"]
[SourceQuality "1"]

1. e4 c5 2. Nf3 Nc6 3. d4 cxd4 4. Nxd4 g6 5. Nc3 Bg7 6. Nb3 a5 7. a4 Nf6 8. Bc4 d6 9. 0-0 0-0 10. Be3 Ng4 11. Bg5 Nce5 12. h3 Nxc4 13. hxg4 Nxb2 14. Qd2 Bxg4 15. Nd5 Re8 16. Qf4 Be6 17. Bh6 Nc4 18. Rad1 Ne5 19. Kh2 Ng4+ 20. Kg3 Be5 21. Qxe5 Nxe5 0-1

[Event "GER-ch U12 Girls"]
[Site "Willingen"]
[Date "2021.08.26"]
[Round "5"]
[White "Vogt, Luna"]
[Black "Niederdorfer, Mathilda"]
[Result "1-0"]
[WhiteElo "1147"]
[BlackElo "1264"]
[PlyCount "57"]
[EventDate "2021.08.22"]
[EventType "swiss"]
[EventRounds "9"]
[EventCountry "GER"]
[SourceTitle "EXT 2022"]
[Source "ChessBase"]
[SourceDate "2021.10.06"]
[SourceVersion "1"]
[SourceVersionDate "2021.10.06"]
[SourceQuality "1"]

1. d4 d5 2. c4 e6 3. Nf3 c6 4. Nc3 f5 5. Bf4 Nf6 6. e3 Bd6 7. Bd3 0-0 8. Qc2 Ne4 9. 0-0-0 c5 10. g4 cxd4 11. Nxd4 e5 12. gxf5 exf4 13. Nxe4 dxe4 14. Bxe4 Qa5 15. Rhg1 Kh8 16. Ne6 Bxe6 17. fxe6 Qb6 18. Bxh7 Be5 19. Be4 Nc6 20. Rd7 Na5 21. Bd5 fxe3 22. Rg5 Bxb2+ 23. Qxb2 Qxb2+ 24. Kxb2 Rxf2+ 25. Kc3 Rxh2 26. e7 Re8 27. Rd8 e2 28. Rxe8+ Kh7 29. Rh8+ 1-0

[Event "GER-ch U10 Girls"]
[Site "Willingen"]
[Date "2019.06.10"]
[Round "3"]
[White "Moldovan, Tatiana"]
[Black "Niederdorfer, Mathilda"]
[Result "1-0"]
[WhiteElo "1269"]
[BlackElo "1036"]
[PlyCount "91"]
[EventDate "2019.06.08"]
[EventType "swiss"]
[EventRounds "11"]
[EventCountry "GER"]
[SourceTitle "EXT 2020"]
[Source "ChessBase"]
[SourceDate "2019.10.17"]
[SourceVersion "1"]
[SourceVersionDate "2019.10.17"]
[SourceQuality "1"]

1. e4 d5 2. exd5 Qxd5 3. Nc3 Qd6 4. Nf3 Bg4 5. h3 Bf5 6. Bc4 a6 7. d3 Nc6 8. a3 Nf6 9. Be3 e6 10. Qd2 Be7 11. Bf4 Qd8 12. 0-0-0 0-0 13. g4 Bg6 14. Rhe1 b5 15. Ba2 b4 16. axb4 Nxb4 17. Bb3 a5 18. Na4 c5 19. Ne5 Nfd5 20. Nxg6 fxg6 21. Bxd5 Qxd5 22. b3 g5 23. Be5 Bd6 24. Qxg5 g6 25. Nb6 Na2+ 26. Kb2 Bxe5+ 27. Rxe5 Qd4+ 28. Kxa2 Rab8 29. Nc4 Rxf2 30. Rd2 Rf1 31. Nb2 a4 32. Rxc5 a3 33. c3 axb2 34. Kxb2 Qa4 35. b4 Qa1+ 36. Kb3 Rb1+ 37. Kc4 Rc1 38. Kd4 Rxb4+ 39. Ke5 Re1+ 40. Kd6 Qa6+ 41. Rc6 Rb6 42. Qd8+ Kg7 43. Rxb6 Qa3+ 44. Rb4 Qxc3 45. Rb7+ Kh6 46. Qh4# 1-0

[Event "GER-ch U10 Girls"]
[Site "Willingen"]
[Date "2019.06.09"]
[Round "1"]
[White "Trunz, Tamila"]
[Black "Niederdorfer, Mathilda"]
[Result "1-0"]
[WhiteElo "1273"]
[BlackElo "1036"]
[PlyCount "81"]
[EventDate "2019.06.08"]
[EventType "swiss"]
[EventRounds "11"]
[EventCountry "GER"]
[SourceTitle "EXT 2020"]
[Source "ChessBase"]
[SourceDate "2019.10.17"]
[SourceVersion "1"]
[SourceVersionDate "2019.10.17"]
[SourceQuality "1"]

1. e4 d5 2. exd5 Qxd5 3. Nc3 Qd6 4. Nf3 c6 5. d4 Bf5 6. Be2 Nf6 7. 0-0 e6 8. Re1 Be7 9. Na4 Nbd7 10. c4 Qc7 11. Nc3 0-0 12. Bd3 Bxd3 13. Qxd3 Nb6 14. Ne5 Rad8 15. Bf4 Qc8 16. Rad1 Bd6 17. c5 Bxc5 18. Qg3 Bd6 19. Bh6 Nh5 20. Qg5 f6 21. Qxh5 fxe5 22. Qg5 Rf7 23. dxe5 Be7 24. Rxd8+ Qxd8 25. Qg4 Qd7 26. Ne4 Kh8 27. Rd1 Qc8 28. Bg5 Bxg5 29. Nd6 Qd7 30. Nxf7+ Qxf7 31. Qxg5 h6 32. Qd8+ Kh7 33. h3 Nd5 34. Rd3 b6 35. Rf3 Qb7 36. Qd6 Qc8 37. Rf7 Kg6 38. Rf8 Qa6 39. Qxe6+ Kh7 40. Qf5+ g6 41. Qf7# 1-0